Mental retardation: environmental hazards, proceedings of symposia 9, 10 and 11 held at the Middlesex Hospital School on 11 June and 19 November 1971 and 10 March 1972 under the auspices of the Institute for Research into Mental Retardation;

Gespeichert in:
Bibliographische Detailangaben
Körperschaft: Institute for Research into Mental Retardation
Weitere Verfasser: Clayton, Barbara Evelyn (ed.)
Format: Buch
Sprache:English
Veröffentlicht: London, Butterworths [for] the Institute for Research into Mental Retardation, 1973.
Schriftenreihe:Institute for Research into Mental Retardation. Symposia 9, 10 and 11
Schlagworte:
LEADER 01549nam a2200313 4500
001 c000138796
003 CARM
005 00000000000000.0
008 731203s1973 enka b 10100 eng b
015 |a GB73-12280 
019 1 |a 415650  |5 LACONCORD2021 
020 |a 0407268022 
035 |a (OCoLC)791301  |5 LACONCORD2021 
050 1 |a RC570  |b .M416 
060 |a W3 IN1044L no. 9-11 1972  |a WM300 M552 1972 
245 0 0 |a Mental retardation: environmental hazards,  |b proceedings of symposia 9, 10 and 11 held at the Middlesex Hospital School on 11 June and 19 November 1971 and 10 March 1972 under the auspices of the Institute for Research into Mental Retardation;  |c edited by Barbara E. Clayton. 
260 |a London,  |b Butterworths [for] the Institute for Research into Mental Retardation,  |c 1973. 
300 |a viii, 112, [2] p., leaf.  |b illus.  |c 22 cm. 
490 1 |a Institute for Research into Mental Retardation. Symposia 9, 10 and 11 
504 |a Includes bibliographies and index. 
650 0 |a Mental retardation  |x Congresses. 
650 2 |a Mental retardation  |x Etiology  |x Congresses. 
700 1 |a Clayton, Barbara Evelyn,  |e ed. 
710 2 0 |a Institute for Research into Mental Retardation. 
810 2 |a Institute for Research into Mental Retardation.  |t Symposium  |v 9, 10, 11. 
852 8 |b CARM  |h A2:AD30B0  |i B00046  |p 0003491  |f BK 
082 0 4 |a 616.8/588/071 
999 f f |i be6c22f5-9c62-54db-8fc2-0959e9df6fb9  |s cdde13bd-95a2-53f2-93f2-b54a258776d3 
952 f f |p Can circulate  |a CAVAL  |b CAVAL  |c CAVAL  |d CARM 1 Store  |e B00046  |f A2:AD30B0  |h Other scheme  |i book  |m 0003491